Social organisation of the Gwembe Tonga (Record no. 76588)

MARC details
000 -LEADER
fixed length control field 00740nam a2200169 a 4500
008 - FIXED-LENGTH DATA ELEMENTS--GENERAL INFORMATION
fixed length control field 120416s1960 ||||||||||||||||| || u
050 ## - LIBRARY OF CONGRESS CALL NUMBER
Classification number GN 657.Z2T63 Col
100 ## - MAIN ENTRY--PERSONAL NAME
Personal name Colson, Elizabeth
245 10 - TITLE STATEMENT
Title Social organisation of the Gwembe Tonga
260 ## - PUBLICATION, DISTRIBUTION, ETC.
Place of publication, distribution, etc. Manchester
Name of publisher, distributor, etc. The University Press
Date of publication, distribution, etc. 1960
300 ## - PHYSICAL DESCRIPTION
Extent xxii, 234p.
350 ## -
-- 0.00
650 ## - SUBJECT ADDED ENTRY--TOPICAL TERM
Topical term or geographic name entry element GWEMBE TONGA--SOCIAL ASPECTS
650 #0 - SUBJECT ADDED ENTRY--TOPICAL TERM
Topical term or geographic name entry element SOCIOLOGY
995 ## -
-- MAIN LIBRARY OPEN ACCESS
-- 0.00
-- 702731
-- CBU-MAIN LIBRARY (Kitwe)
-- 2
-- 0.00
-- GN 657.Z2T63 Col
-- 2
-- AVAILABLE
-- 001412
-- Main Library Open Access Collection
995 ## -
-- MAIN LIBRARY OPEN ACCESS
-- 0.00
-- 710059
-- CBU-MAIN LIBRARY (Kitwe)
-- 1
-- 0.00
-- GN 657.Z2T63 Col
-- 1
-- AVAILABLE
-- 001411
-- Main Library Open Access Collection
999 ## -
-- 76588
-- 76588
Holdings
Withdrawn status Lost status Source of classification or shelving scheme Damaged status Not for loan Permanent Location Current Location Shelving location Date acquired Total Checkouts Full call number Barcode Date last seen Copy number Price effective from Koha item type
          CBU-MAIN LIBRARY, KITWE. CBU-MAIN LIBRARY, KITWE.   04/25/2023   GN 657.Z2T63 Col 001412 04/25/2023 1 04/25/2023 MONOGRAPH
          CBU-MAIN LIBRARY, KITWE. CBU-MAIN LIBRARY, KITWE.   04/25/2023   GN 657.Z2T63 Col 001411 04/25/2023 2 04/25/2023 MONOGRAPH